El Salvador Departments Capital Cities Quiz - Statistics

General Stats
  • This quiz has been taken 195 times
  • The average score is 11 of 14
Answer Stats
Hint Answer % Correct
Ahuachapán Ahuachapán
96%
Santa Ana Santa Ana
92%
San Miguel San Miguel
90%
San Salvador San Salvador
90%
Sonsonate Sonsonate
88%
Chalatenango Chalatenango
86%
Usulután Usulután
86%
San Vicente San Vicente
84%
La Unión La Unión
82%
La Libertad Santa Tecla
63%
Cabañas Sensuntepeque
57%
La Paz Zacatecoluca
53%
Morazán San Francisco Gotera
51%
Cuscatlán Cojutepeque
49%
No matching quizzes found
Score Distribution
Percent of People with Each Score
Percentile by Number Answered
Your Score History
You have not taken this quiz